00687nam a2200205Ia 4500952014300000999001700143003000400160005001700164008004100181020001800222040000900240082001800249100002300267245006400290250001200354260005200366300000900418650001200427942004200439 00102ddc40708PHYSICSaMESbMEScPHYd2019-02-20g1295.00l0o530.14 LAN/Cp38970r2019-02-20 00:00:00tVol - 2w2019-02-20yBKzGL11R5 c34644d34644OSt20200907100041.0190216s9999||||xx |||||||||||||| ||und|| a9788181477873 coclc a530.14bLAN/C aLandau, L D 94415 4aThe Classical Theory Of Fields /cL D Landau ; E M Lifshitz a4th Ed. bElsevier Science Publishing,c2015.aNew Delhi: a429p aPhysics cBK2ddch530.14iLAN/Ck530.14mLAN/C